Giáo trình phân tích định tính (Dùng trong các trường THCN)
Nội dung tài liệu bao gồm 11 bài giới thiệu đại cương về hóa học phân tích định tính, xác định các cation nhóm I, II, III, IV. Xác định cation và anion trong dung dịch muối vô cơ.
Đã lưu trong:
| 主要作者: | |
|---|---|
| 格式: | 圖書 |
| 語言: | Undetermined |
| 出版: |
Hà Nội
Nhà xuất bản Hà Nội
2007
|
| 主題: | |
| 標簽: |
添加標簽
沒有標簽, 成為第一個標記此記錄!
|
| Thư viện lưu trữ: | Trung tâm Học liệu Trường Đại học Cần Thơ |
|---|
| LEADER | 00921nam a2200217Ia 4500 | ||
|---|---|---|---|
| 001 | CTU_142800 | ||
| 008 | 210402s9999 xx 000 0 und d | ||
| 020 | |c 15000 | ||
| 082 | |a 544 | ||
| 082 | |b Y603 | ||
| 100 | |a Lê, Thị Hải Yến | ||
| 245 | 0 | |a Giáo trình phân tích định tính | |
| 245 | 0 | |b (Dùng trong các trường THCN) | |
| 245 | 0 | |c Lê Thị Hải Yến | |
| 260 | |a Hà Nội | ||
| 260 | |b Nhà xuất bản Hà Nội | ||
| 260 | |c 2007 | ||
| 520 | |a Nội dung tài liệu bao gồm 11 bài giới thiệu đại cương về hóa học phân tích định tính, xác định các cation nhóm I, II, III, IV. Xác định cation và anion trong dung dịch muối vô cơ. | ||
| 650 | |a Chemistry, analytic - qualitative,Hóa học phân tích | ||
| 904 | |i Duy Bằng | ||
| 980 | |a Trung tâm Học liệu Trường Đại học Cần Thơ | ||